| 000 | 00708nam a2200193 i 4500 | ||
|---|---|---|---|
| 001 | 86058 | ||
| 003 | ES-MaACL | ||
| 005 | 20230906175351.0 | ||
| 007 | t| | ||
| 008 | 041207s1969 sp ||||1| spa d | ||
| 100 | 1 |
_aKepner, Charles H. _967879 |
|
| 245 | 1 | 3 |
_aEl directivo racional _b: enfoque sistemático a la resolución de problemas y la toma de decisiones / _cCharles H. Kepner, Benjamin B. Tregoe ; traducción y adaptación, David Currie Gomes, Hugh Venn. |
| 260 |
_aMadrid : _bCastilla, _c[1969] |
||
| 300 |
_a300 p. : _bil. ; _c21 cm. |
||
| 700 | 1 |
_aTregoe, Benjamin B. _9111280 |
|
| 700 | 1 |
_aCurrie Gomes, David. _942231 |
|
| 700 | 1 |
_aVenn, Hugh. _9113893 |
|
| 852 |
_aES-MaACL _jC-35966 _bR.69034 |
||
| 999 |
_c86058 _d86058 |
||